000 00959nam a22003377a 4500
001 BR2016000832
003 BR-BrBNA
005 20230928104809.0
007 ta
008 230509b bl.||||| |||| 00| 0 por d
040 _aBR-BrBNA
_bpor
_cBiblioteca Nacional de Agricultura
041 _a(Por)
072 _aH20
_b4100
090 _ 4100 BR2016000832
100 1 _aJuliatti, F.C.
100 1 _aPolizel, A.C.
100 1 _aJuliatti, F.C.
110 1 _aUniversidade Federal de Uberlândia, MG (Brasil)
_910955
245 1 _aManejo integrado de doenças na cultura da soja
250 1 _a1. ed.
260 3 _aUberlândia, MG (Brasil):
_c2004.
300 _a327 p.
500 _aBibliography p. 308-327; 1 CD-ROOM; 73 illus.; 41 tables
650 _aSOJA
650 _aDOENÇA DE PLANTA
650 _aCULTIVO ANUAL
650 _aPRODUÇÃO VEGETAL
650 _aCONTROLE INTEGRADO
909 _a202309
_bLucia
_c55
_dLucia Elande
942 _cBK
999 _c81806
_d81806